| 000 | 01132nam a22003857a 4500 | ||
|---|---|---|---|
| 001 | 0011765 | ||
| 003 | DO-SdBPM | ||
| 005 | 20260312125556.0 | ||
| 007 | ta | ||
| 008 | 161115b2009 mx || |||| 00| 0 spa d | ||
| 016 | 7 | _a | |
| 017 |
_a _b |
||
| 020 | _a9786071101129 | ||
| 035 | _a | ||
| 040 |
_aDO-SdBPM _bspa _cBPMSU _e rda |
||
| 080 | 4 | _a | |
| 082 | 0 | 4 |
_a863.6 _bN972L 2009 _222 |
| 100 | 1 | _aNúñez, Lola | |
| 245 | 1 | 3 |
_aEl largo viaje de los dragones / _cLola Núñez y Rocio Antón ; ilustraciones Roser Rius _h |
| 260 | _c | ||
| 264 |
_aMéxico : _bAlfaguara, _c2009 |
||
| 300 |
_a29 páginas : _bilustraciones, _c21 cm |
||
| 336 |
_atexto _btxt _2rdacontent |
||
| 337 |
_asin mediación _bn _2rdamedia |
||
| 338 |
_avolumen _bnc _2rdacarrier |
||
| 490 | 0 | _aAfaguara Infantil | |
| 590 | _aInventariado, 2026/VM | ||
| 650 | 7 | _aCuentos infantiles españoles | |
| 650 | 7 |
_aDragones _vCuentos infantiles |
|
| 650 | 7 | _aLibros ilustrados para niños | |
| 700 | 1 |
_aAntón, Rocio _eautor _4 |
|
| 700 | 1 |
_aRius, Roser _eilustración |
|
| 910 | _aVMateo V. Control de calidad BPMSU | ||
| 942 |
_2ddc _cBK |
||
| 999 |
_c9348 _d9348 |
||